000 00476nam a2200181Ia 4500
001 22625
005 20260414150843.0
008 260414t2008||||xx |||||||||||||| ||spa||
041 _aESP
082 _a621.3822
_bK434
100 _aKehtarnavaz, Nasser
_eAUT
245 0 _aDigital signal processing system design :
_blabVIEW-based hybrid programming
260 _c2008
300 _a325 páginas :
_c23 cm.
650 _aTCA
654 _aCET
942 _cLIB
_dJUS
_fJUS
_2ddc
_n
999 _c22625
_d22625